000 00342nam a2200157Ia 4500
100 _aDechaumphai/Pramote
650 _aFinite Element
942 _cBK
366 _f25
654 _ametallurgy
245 _aFinite element analysis with ANSYS workbench
260 _bNarosa
_c2018
082 _bDEC
300 _a272
546 _aENGLISH
999 _c34041
_d34041